000 00453nam a22001697a 4500
003 NUST - PNEC
005 20170116180856.0
008 150831b xxu||||| |||| 00| 0 eng d
020 _a0534190502
040 _cLIBRARY
082 _a620.007 LAW
100 _96042
_aLawson, John,
245 _aModern statistics for engineering and quality improvement
_cJohn, Lawson
260 _cc2001.
650 _96045
_aQuality control
_xME
942 _2ddc
_cBK
999 _c64827
_d64827